000 00338nam a22001457a 4500
008 221118b ||||| |||| 00| 0 eng d
020 _a0691082391
041 _aeng
080 _a159.9
082 _a159.9 PEE
100 _a25
101 _aPSI
245 _aTHE LARGE SCALE STRUCTURE OF THE UNIVERSE
_cPEEBLES P.J
942 _2udc
_cBK
999 _c58939
_d58939